000 00491nam a22001817a 4500
003 koha_MIRAKIL
005 20231213095611.0
008 231213b |||||||| |||| 00| 0 ||| d
040 _aTR-IsEVY
_btur
_cTR-IsEVY
082 _a823 DIC/O
100 _aDickens, Charles.
245 0 _aOliver Twist
260 _bSerhat,
300 _a96 s.
650 _aEnglish literature -- Fiction -- World classics.
650 _aİngiliz edebiyatı -- Roman -- Dünya klasikleri.
942 _2ddc
_cBK
999 _c6326
_d6326